00665 2200253 4500001002100000005001500021035002000036007000300056008004100059020002200100082001000122084001400132100002800146245006000174250001000234260003700244300002900281650001800310700001900328700001100347504003100358990001100389990001100400INLIS00000000000385720190731092840 a0010-0719000275ta190731 g 0 ind  a978-602-7760-66-0 a641.2 a641.2 KIT0 aKITAB, Jus Buah & Sayur1 aKitab Jus Buah & Sayur /cRedaksi Sehat; editor, Muzaki acet.4 aYogyakarta :bSecond Hope,c2016 a306 hlm :bilus ;c25 cm 4aMAKANAN SEHAT0 aREDAKSI, Sehat0 aMUZAKI aBibliografi.: hlm. 303-306 a5602 a a5602 b